Statistics for Every 2 Letter pairing that beging the name of a country

Click here to take the quiz!

General Stats

  • This quiz has been taken 34 times
  • The average score is 159 of 196

Answers on the Map

Answers color-coded by a green-red scale on the quiz's map according to % correct below.
Loading ...
 

Answer Stats

Country% Correct
Ru
100%
Ch
100%
Po
96%
Mo
96%
Ge
96%
Ar
96%
Ja
96%
Pa
96%
Ma
96%
Bo
96%
Fi
96%
Tu
96%
Ca
96%
Eg
93%
Un
93%
Ta
93%
Gu
93%
Br
93%
Ni
93%
No
93%
So
93%
Au
93%
De
93%
In
89%
Me
89%
Al
89%
89%
Sa
89%
Li
89%
Na
89%
Ne
89%
Pe
89%
Ph
89%
Fr
89%
Sp
89%
Su
89%
Sw
89%
Be
89%
Co
89%
It
86%
Ye
86%
Ba
86%
Vi
86%
Ve
86%
Bu
86%
La
86%
Se
86%
Ir
86%
Ec
82%
An
82%
Ro
82%
Ka
82%
Om
82%
Ic
79%
Th
79%
Cu
79%
Uk
79%
Gr
75%
Cz
75%
Le
75%
Ho
75%
Do
75%
Ke
75%
Sy
71%
Sl
71%
Rw
71%
Hu
71%
Is
71%
Si
71%
To
71%
My
68%
Uz
68%
Ur
68%
Et
68%
Af
64%
Zi
64%
Ga
64%
Ky
64%
Ce
64%
Gh
64%
Za
61%
Er
61%
Cr
61%
Jo
57%
Es
57%
El
57%
Ug
54%
Re
54%
Sr
54%
Va
54%
Bh
50%
Az
50%
Ki
50%
Eq
50%
Ko
50%
Iv
46%
Dj
46%
Cy
39%
Qa
39%
Ku
36%
Fe
32%
Ea
29%
Tr
29%
Lu
29%
Por
18%
Bel
14%
Hai
7%
Pal
7%

Score Distribution

Percentile by Number Answered

Percent of People with Each Score

Your Score History

You have not taken this quiz